1287 1263 1356 1393 1797 1216 1063 1933 1350 1960 1989 1402 1082 1042 1970 1444 1557 1550 1261 1338 1040 1039 1185 1541 1310 1352 1213 1845 1026 1927 1787 1252 1078 1257 1745 1398 1149 1889 1410 1871 1930 1020 1978 1438 1752 2000 1736 1883 1054 1155 1736 1584 1992 1219 1902 1122 1312 1974 1007 1294 1777 1298 1545 1327 1321 1398 1036 1942 1454 1429 1251 1186 1695 1854 1571 1461 1440 1861 1940 1585 1671 1316 1965 1735 1419 1773 1716 1233 1119 1111 1233 1038 1330 1659 1087 1530 1226 1465 1104 BCNSPRNW ULIB Ver.6.0+V

เปลี่ยนเป็นภาษาไทย

Change to English
 แสดงรายละเอียดบรรณานุกรม
  กลับหน้าหลัก

Brief Record : Get Marc (ISO 2709) : E-mail record : QR code < ปิดหน้าต่าง
LEADER : 00000nam 2200000uu 4500
001    13399126197
003     ULIB
008    180716s2015||||th 000 0 tha d
020    ^a9780521173803
050 00 ^aPE1128^bC172^cV.8
245 10 ^aCambridge practice tests for IELTS 8
260    ^aCambridge :^bCambridge University Press,^c2015
300    ^a176 p.:^bill. ;^c25 cm.
650 00 ^aInternational English Language Testing System.
650 00 ^aEnglish language^xExaminations, questions, etc.
650 00 ^aEnglish language^xTextbooks for foreign speakers
945    ^p0^l0^i26415
999    ^aกัณชพร จุลอักษร
รายการนี้ยังไม่มีแท็ก
คุณยังไม่ได้ล็อกอิน คุณสามารถมีกิจกรรมร่วมกับเว็บไซต์ได้ แต่ต้องล็อกอินก่อน ::
  ล็อกอิน

รายการสื่อสารสนเทศ

ลำดับที่ ประเภท เลขเรียก/บาร์โค้ด สถานที่ สถานะ
1. วิทยาศาสตร์การแพทย์ และสุขภาพ
วิทยาศาสตร์การแพทย์ และสุขภาพ
PE1128 C172 V.8 ฉ.1 
  Barcode: 26415
ห้องสมุดวิทยาเขตนครสวรรค์
►หนังสือทั่วไป:l:General Books
บนชั้น

รายการใกล้เคียง
    ชื่อเรื่อง [Cambridge practice tests for IELTS 8]

    หัวเรื่อง [International English Language Testing System.]

BibComment


ยังไม่เคยถูกคอมเมนท์

คอมเมนท์ทรัพยากรรายการนี้
  คอมเมนท์: Cambridge practi..


 Copyright 2026. Bcnsprnw @Library